Các vấn đề về nước dưới đất

Giới thiệu nguồn gốc, phân bố, đặc tính của các dạng và loại nước dưới đất, thành phần và tính chất hoá - lý của nước dưới đất, một số tính chất nước của đất đá, cơ sở động lực nước dưới đất. Trình bày cách tính toán dòn...

Full description

Saved in:
Bibliographic Details
Main Author: Nguyễn Hồng Đức
Other Authors: Nguyễn Viết Minh
Format: Book
Language:Vietnamese
Published: H. Xây dựng 2012
Subjects:
Tags: Add Tag
No Tags, Be the first to tag this record!
Institutions: Thư viện Trường Đại học Nam Cần Thơ
LEADER 02695aam a22003018a 4500
001 NCT_17932
008 120928s2012 ||||||viesd
999 |c 850  |d 850 
020 |c 73000 
082 0 4 |2 23rd ed.  |a 628.114  |b Đ552 
100 1 |a Nguyễn Hồng Đức 
245 1 0 |a Các vấn đề về nước dưới đất  |c Nguyễn Hồng Đức, Nguyễn Viết Minh 
260 |a H.  |b Xây dựng  |c 2012 
300 |a 194tr.  |b hình vẽ, bảng  |c 27cm 
520 3 |a Giới thiệu nguồn gốc, phân bố, đặc tính của các dạng và loại nước dưới đất, thành phần và tính chất hoá - lý của nước dưới đất, một số tính chất nước của đất đá, cơ sở động lực nước dưới đất. Trình bày cách tính toán dòng thấm nước dưới đất, phương pháp xác định tính thấm của đất đá. Phân tích các hiện tượng, quá trình địa chất động lực liên quan với hoạt động địa chất của nước dưới đất và công tác khảo sát kĩ thuật 
653 |a Địa chất công trình 
655 7 |a Giáo trình 
700 1 |a Nguyễn Viết Minh 
942 |2 ddc  |c BK 
952 |0 0  |1 0  |2 ddc  |4 0  |6 628_114000000000000_Đ552  |7 0  |9 4312  |a 000001  |b 000001  |d 2017-11-25  |o 628.114 Đ552  |p MD.04149  |r 2017-11-25  |v 73000.00  |w 2017-11-25  |y BK 
952 |0 0  |1 0  |2 ddc  |4 0  |6 628_114000000000000_Đ552  |7 0  |9 4313  |a 000001  |b 000001  |d 2017-11-25  |o 628.114 Đ552  |p MD.04150  |r 2017-11-25  |v 73000.00  |w 2017-11-25  |y BK 
952 |0 0  |1 0  |2 ddc  |4 0  |6 628_114000000000000_Đ552  |7 0  |9 4314  |a 000001  |b 000001  |d 2017-11-25  |o 628.114 Đ552  |p MD.04151  |r 2017-11-25  |v 73000.00  |w 2017-11-25  |y BK 
952 |0 0  |1 0  |2 ddc  |4 0  |6 628_114000000000000_Đ552  |7 0  |9 4315  |a 000001  |b 000001  |d 2017-11-25  |o 628.114 Đ552  |p MD.04152  |r 2017-11-25  |v 73000.00  |w 2017-11-25  |y BK 
952 |0 0  |1 0  |2 ddc  |4 0  |6 628_114000000000000_Đ552  |7 0  |9 8861  |a 000001  |b 000001  |d 2018-05-25  |o 628.114 Đ552  |p MD.08075  |r 2018-05-25  |v 73000.00  |w 2018-05-25  |y BK 
952 |0 0  |1 0  |2 ddc  |4 0  |6 628_114000000000000_Đ552  |7 0  |9 8862  |a 000001  |b 000001  |d 2018-05-25  |o 628.114 Đ552  |p MD.08076  |r 2018-05-25  |v 73000.00  |w 2018-05-25  |y BK 
952 |0 0  |1 0  |2 ddc  |4 0  |6 628_114000000000000_Đ552  |7 0  |9 8863  |a 000001  |b 000001  |d 2018-05-25  |l 1  |o 628.114 Đ552  |p MD.08077  |r 2019-03-12  |s 2019-02-25  |v 73000.00  |w 2018-05-25  |y BK 
952 |0 0  |1 0  |2 ddc  |4 0  |6 628_114000000000000_Đ552  |7 0  |9 8864  |a 000001  |b 000001  |d 2018-05-25  |l 1  |o 628.114 Đ552  |p MD.08078  |r 2019-03-12  |s 2019-02-25  |v 73000.00  |w 2018-05-25  |y BK 
980 |a Thư viện Trường Đại học Nam Cần Thơ